Reglamento para la exposición y clasificación de productos
Descripción Física:
19 p. ; 15 cm
Otros Autores:
Sociedad Económica de Amigos del País (Lleó)
Materias:
Exposicions -- Lleó -- 1876 -- Normes
MARC
| LEADER | 00000nam a2200000Ia 4500 | ||
|---|---|---|---|
| 001 | 16168 | ||
| 003 | BGR | ||
| 005 | 20260410113642.0 | ||
| 008 | 160829s1876 xx 000 0 cat d | ||
| 080 | |a RF-14-5 | ||
| 111 | |a Exposicion Regional Leonesa |9 70743 |c (Lleó : |d 1876) | ||
| 245 | |a Reglamento para la exposición y clasificación de productos | ||
| 260 | |a León : |b (Imp. de Rafael Garzo e hijos), |c 1876 | ||
| 300 | |a 19 p. ; |c 15 cm | ||
| 590 | |a A la coberta: Sociedad Económica de Amigos del País, León. | ||
| 590 | |a Prové de 1402, exp. 1 | ||
| 650 | |a Exposicions |x Lleó |x 1876 |x Normes |9 46979 | ||
| 700 | |a Sociedad Económica de Amigos del País (Lleó) |9 46980 | ||
| 856 | 4 | |u https://media.diba.cat/diba/fitxers/arxiu/fulletons/bib_16168_1876_baixa.pdf |y Accés lliure | |
| 856 | 4 | |u https://media.diba.cat/diba/fitxers/arxiu/fulletons/bib_16168_1876_baixa.pdf |y Accés lliure | |
| 900 | |a bib_16168_1876_baixa.pdf | ||
| 901 | |a Arxiu | ||
| 942 | |n 1 |2 udc |c MON | ||
| 952 | |0 0 |1 0 |4 0 |6 RF145 |7 1 |9 53573 |a Arxiu |b Arxiu |d 2016-12-01 |l 0 |o RF-14-5 |p 16168 |r 2016-12-01 00:00:00 |w 2016-12-01 |y ARXIU | ||
| 999 | |c 57439 |d 57439 | ||